| 000 | 00442cam a2200169ua 4500 | ||
|---|---|---|---|
| 020 | _c1.50 | ||
| 041 |
_amal _h |
||
| 082 |
_a894.8121 _bVAL/SA |
||
| 100 | _aNarayana Menon, Vallathol. | ||
| 245 |
_aSahitya manjari, Part 7 / _cVallathol Narayana Menon. _hTextual Documents |
||
| 260 |
_aCheruthuruthy : _bVallathol Granthalayam , _c1965. |
||
| 300 | _a145 ; . | ||
| 365 | _a1.50 | ||
| 504 | _a | ||
| 942 | _cBK | ||
| 999 |
_c4969 _d4969 |
||